Advances in microbial engineering

Guardat en:
Dades bibliogràfiques
Autors principals: Sikyta, Bohumil (Autor), Prokop, A (Autor), Novak, M (Autor)
Format: Llibre
Idioma:anglès
Publicat: Nueva York John Wiley 1973
Col·lecció:Biotechnology and Bioengineering Symposium, 4
Matèries:
Etiquetes: Afegir etiqueta
Sense etiquetes, Sigues el primer a etiquetar aquest registre!

MARC

LEADER 00000nam a2200000 a 4500
001 UCV6071
003 CL-VaPUC
008 910415e19730000US |||||||||||||||||eng|d
082 0 4 |a 660.6  |b SIK  |2 21 
100 0 |a Sikyta, Bohumil  |e author  |9 300306 
700 0 |a Prokop, A  |e author  |9 300307 
700 0 |a Novak, M  |e author  |9 300308 
245 1 0 |a Advances in microbial engineering 
300 |a 2 v 
942 |c BK 
945 |d 19910415 00:00:00  |a mfernand 
260 |a Nueva York  |b John Wiley  |c 1973 
650 0 |a Biotecnología   |9 259561 
650 7 |a MICROBIOLOGIA INDUSTRIAL  |2 CL-VaPUC  |9 262989 
650 0 |a Congresos  |9 257560 
650 0 |a Enzimas  |9 262984 
650 0 |a Fermentación  |9 259565 
583 |a last modification  |c 19910415 00:00:00  |k Rodrigo Vera 
490 0 |a Biotechnology and Bioengineering Symposium, 4 
999 |c 212318  |d 212316 
952 |0 0  |1 0  |4 0  |6 660_600000000000000_SIK_1973  |7 0  |8 A  |9 193119  |a BIBING  |b BIBING  |d 2019-11-14  |h v.1  |i 2607573  |o 660.6 SIK 1973  |p 2607573  |r 2025-01-20  |w 2019-11-14  |y BK  |k EIB 
952 |0 0  |1 0  |4 0  |6 660_600000000000000_SIK_1973  |7 0  |8 A  |9 193120  |a BIBING  |b BIBING  |d 2019-11-14  |h v.1  |i 2607670  |o 660.6 SIK 1973  |p 2607670  |r 2025-01-20  |w 2019-11-14  |y BK  |k EIB 
952 |0 0  |1 0  |4 0  |6 660_600000000000000_SIK_1973  |7 0  |8 A  |9 193121  |a BIBING  |b BIBING  |d 2019-11-14  |h v.1  |i 2607697  |o 660.6 SIK 1973  |p 2607697  |r 2025-01-20  |w 2019-11-14  |y BK  |k EIB 
952 |0 0  |1 0  |4 0  |6 660_600000000000000_SIK_1973  |7 0  |8 A  |9 193122  |a BIBING  |b BIBING  |d 2019-11-14  |h v.2  |i 2607700  |o 660.6 SIK 1973  |p 2607700  |r 2025-01-20  |w 2019-11-14  |y BK  |k EIB